Films français les plus vus en France - Statistiques

Statistiques générales
  • Ce quiz a été pris 338 fois
  • Le résultat moyen est 5 sur 10
Statistiques - réponses
Année de sortie Réalisateur Nombre d'entrées (millions) Film % Correct
2008 Dany Boon 20,5 Bienvenue chez les Ch'tis
95%
2011 Olivier Nakache / Eric Toledano 19,5 Intouchables
72%
2002 Alain Chabat 14,6 Astérix et Obélix : Mission Cléopâtre
67%
1966 Gérard Oury 17,3 La Grande Vadrouille
62%
1993 Jean-Marie Poiré 13,8 Les Visiteurs
48%
2006 Patrice Leconte 10,4 Les Bronzés 3 : Amis pour la vie
43%
2014 Philippe de Chauveron 12,4 Qu'est-ce qu'on a fait au bon Dieu ?
34%
1965 Gérard Oury 11,7 Le Corniaud
30%
2000 Gérard Krawczik 10,3 Taxi 2
24%
1952 Julien Duvivier 12,8 Le Petit Monde de don Camillo
8%
Aucun quiz correspondant
Distribution des résultats
% des personnes avec chaque résultat
Percentile par nombre de réponses
Votre historique - résultats
Vous n’avez pas pris ce quiz